Nuevos enfoques profesionales para el trabajo social (Record no. 173409)

MARC details
000 -CABECERA
campo de control de longitud fija 01957nab a2200325 a 4500
005 - FECHA Y HORA DE LA ÚLTIMA TRANSACCIÓN
campo de control 20210219162301.0
008 - ELEMENTOS DE LONGITUD FIJA--INFORMACIÓN GENERAL
campo de control de longitud fija 991125s1985 mx 000 0 spa u
035 ## - NÚMERO DE CONTROL DEL SISTEMA
Número de control de sistema UPN01000201308
049 ## - COLECCIÓN
Colección ART-E
100 1# - ASIENTO PRINCIPAL--NOMBRE PERSONAL
Nombre de persona Sarasola Sánchez Serrano, José Luis
100 1# - ASIENTO PRINCIPAL--NOMBRE PERSONAL
Filiación jlsarsan@upo.es
100 1# - ASIENTO PRINCIPAL--NOMBRE PERSONAL
Nombre de persona Mora Cárdenas, María del Mar
100 1# - ASIENTO PRINCIPAL--NOMBRE PERSONAL
Nombre de persona Pérez Lagares, María
222 00 - TÍTULO CLAVE
Título clave HEKADEMOS :
Información calificativa REVISTA EDUCATIVA DIGITA
245 00 - MENCIÓN DE TÍTULO
Título Nuevos enfoques profesionales para el trabajo social
260 ## - PUBLICACIÓN, DISTRIBUCIÓN, ETC.
Lugar de publicación, distribución, etc. España
300 ## - DESCRIPCIÓN FÍSICA
Extensión 43-50
362 0# - FECHAS DE PUBLICACIÓN Y/O DESIGNACIÓN SECUENCIAL
Fecha de publicación y/o designación secuencial 2014 Año 7, no. 16, dic.
336 ## - TIPO DE CONTENIDO
Término de tipo de contenido texto$2rdacontent
337 ## - TIPO DE MEDIO
Nombre/término del tipo de medio computadora$2rdamedia
338 ## - TIPO DE SOPORTE
Nombre/término del tipo de soporte recurso en linea$2rdacarrier
520 3# - NOTA DE RESUMEN, ETC.
Sumario, etc. En este artículo inédito los autores pretenden dar nuevas pautas de búsqueda de empleo a los profesionales del Trabajo Social y alumnos/as próximos a egresarse tanto del grado de trabajo social, como de los distintos másteres que están realizando. El Trabajo Social tradicionalmente se ha basado en una búsqueda de empleo bien en el campo de la Administración (principalmente Servicios Sociales, Salud y Dependencia) y en el campo de las Organizaciones No Gubernamentales. Pero ya es hora de que demos nuevos enfoques porque la realidad está demostrando que el desempleo en el campo de la intervención social está superando cotas inimaginables y propuestas tales como: Trabajador/a social de redes, consultor/ a gerontológico, atención de personas en tanatorios: proceso de duelo, terapias asistidas a personas mayores y personas con diversidad funcional con animales, gestionar la responsabilidad social corporativa (RSC) de las empresas; pueden ser efectivas.
653 0# - TERMINO DE INDIZACION - NO CONTROLADO
Término no controlado TRABAJO SOCIAL
653 0# - TERMINO DE INDIZACION - NO CONTROLADO
Término no controlado EMPLEO DE ESTUDIANTES
653 0# - TERMINO DE INDIZACION - NO CONTROLADO
Término no controlado DESEMPLEO
653 0# - TERMINO DE INDIZACION - NO CONTROLADO
Término no controlado PROPUESTA LABORAL
856 4# - LOCALIZACIÓN Y ACCESO ELECTRÓNICOS
Identificador Uniforme del Recurso <a href="http://www.hekademos.com/hekademos/media/articulos/16/HEKADEMOS_N16.pdf">http://www.hekademos.com/hekademos/media/articulos/16/HEKADEMOS_N16.pdf</a>
905 ## - TIPO DE MATERIAL
Tipo de material Articulo

No items available.